000
00309nam a22001217a 4500
008
250303b |||||||| |||| 00| 0 eng d
020
_a
9780323757485
050
_a
QR185.5
_b
A23
100
_a
ABBAS Abdul K
245
_a
Cellular and Molecular Immunology
260
_a
Philadelphia
_b
Elsevier
_c
2022
942
_c
BK
999
_c
2033
_d
2033